书目信息 |
| 题名: |
沈家本
|
|
| 作者: | 栾爽 , 平旭 著 | |
| 分册: | ||
| 出版信息: | 西安 陕西师范大学出版总社 2017 |
|
| 页数: | 152页 | |
| 开本: | 24cm | |
| 丛书名: | “大家精要”丛书 | |
| 单 册: | ||
| 中图分类: | K825.19=6 | |
| 科图分类: | ||
| 主题词: | ||
| 电子资源: | ||
| ISBN: | 978-7-5613-8972-0 | |
| 000 | 00810oam2 2200253 450 | |
| 001 | 2161 | |
| 005 | 20180522171158.33 | |
| 010 | @a978-7-5613-8972-0@dCNY20.00 | |
| 100 | @a20171018d2017 em y0chiy50 ea | |
| 101 | 0 | @achi |
| 102 | @aCN@b610000 | |
| 105 | @ay z 000yb | |
| 200 | 1 | @a沈家本@9shen jia ben@f栾爽,平旭著 |
| 210 | @a西安@c陕西师范大学出版总社@d2017 | |
| 215 | @a152页@d24cm | |
| 225 | 1 | @a“大家精要”丛书 |
| 330 | @a本书分为青少年时代、乱世中的外官任上、大理寺正卿、近代法学教育奠基人、沈家本的法律思想、最后的岁月等11章介绍了沈家本的一生。 | |
| 461 | 0 | @12001 @a“大家精要”丛书 |
| 600 | 0 | @a沈家本@f(1840-1913)@x传记 |
| 690 | @aK825.19=6@v5 | |
| 701 | 0 | @a栾爽@9luan shuang@4著 |
| 701 | 0 | @a平旭@9ping xu@4著 |
| 801 | 0 | @aCN@b91MARC@c20171018 |
| 905 | @aMuseLib@dK825.19=6@e1085 | |
| 沈家本/栾爽,平旭著.-西安:陕西师范大学出版总社,2017 |
| 152页;24cm.-(“大家精要”丛书) |
| ISBN 978-7-5613-8972-0:CNY20.00 |
| 本书分为青少年时代、乱世中的外官任上、大理寺正卿、近代法学教育奠基人、沈家本的法律思想、最后的岁月等11章介绍了沈家本的一生。 |
| ● |
| 相关链接 |
|
|
|
|
正题名:沈家本
索取号:K825.19=6/1085
 
预约/预借
| 序号 | 登录号 | 条形码 | 馆藏地/架位号 | 状态 | 备注 |
| 1 | 1108201 | 211082013 | 第二样本阅览室/ [索取号:K825.19=6/1085] | 在馆 | |
| 2 | 1108202 | 211082022 | 教育系资料室/ [索取号:K825.19=6/1085] | 在馆 | |
| 3 | 1108203 | 211082031 | 教育系资料室/ [索取号:K825.19=6/1085] | 在馆 | |
| 4 | 1108204 | 211082040 | 第二借阅区/ [索取号:K825.19=6/1085] | 在馆 |